00549nam a2200217Ia 4500008004100000020001800041050001400059100002000073245001700093245002300110260002300133260002100156260000900177300001600186300002000202300001000222500003400232650002500266650002800291700001200319180207s9999 xx 000 0 und d a9780545165778 bS377 2012 aSchrefer, Eliot aEndangered / cby Eliot Schrefer. aBroadway, New York bScholastic Inc., c2012 a264 pages : billustrations ; c20cm. aNational book award finalist. aYoung adult fiction. aYoung adult literature. aTitle.